| 000 | 00448nam a22001457a 4500 | ||
|---|---|---|---|
| 082 | _aCP-78 | ||
| 100 |
_aDr Hafiz Zahoor Ahmed khan _951463 |
||
| 245 |
_aConstruction cost estimation and control _bCourse Pack MS CE& M CEM-804 _cDr Hafiz Zahoor Ahmed khan |
||
| 250 | _aFall semester 2017 | ||
| 260 |
_aRisalpur, _bMCE, _c2017. |
||
| 300 | _aDifferent pages | ||
| 500 | _aConstruction Management | ||
| 526 |
_a0 _b0 _c0 _dCP_78 |
||
| 942 |
_2ddc _cBKB |
||
| 999 |
_c554139 _d554139 |
||